Rady nielen pre seniorov

Bibliographic Details
Main Author: Schlesinger, Miroslav, 1971- (Author)
Format: Book
Language:Slovak
PhysicalDescription:37 strán 21 cm
Published: Malacky Seniorské informačné centrum 2017
ISBN:9788097281724
Subjects:

MARC

LEADER 00000cam a2200000 4500
001 vtls011741742
003 SK-MaSNL
005 20260301050359.0
008 200104s2017 xo gdf 000 0dslo
015 |a SNBA2018/07 
020 |a 9788097281724  |q (brožované) 
035 |a urn:nbn:sk:snk-am00d47v 
035 |a urn:nbn:sk:snk-am3hl50 
035 |a 02CBECCF-8FA6-4F99-804D-310355CFEBD7 
040 |a SNK  |b slo  |c SNK  |e rda 
041 0 |a slo 
044 |a xo  |c SK 
072 7 |a 316.3  |x Globálne spoločnosti. Sociálna štruktúra. Sociálne skupiny  |2 konspekt 
072 7 |a 316.4/.7  |x Sociálne interakcie  |2 konspekt 
080 |a 351.78:614.8  |2 2011 
080 |a 316.346.32-053.9  |2 2011 
080 |a (035)  |2 2011 
080 |a 343.85  |2 2011 
080 |a 343.721  |2 2011 
100 1 |a Schlesinger, Miroslav,  |d 1971-  |4 aut  |9 218067 
245 1 0 |a Rady nielen pre seniorov  |c Miroslav Schlesinger 
264 1 |a Malacky  |b Seniorské informačné centrum  |c 2017 
300 |a 37 strán  |c 21 cm 
336 |a text  |b txt  |2 rdacontent 
337 |a bez média  |b n  |2 rdamedia 
338 |a zväzok  |b nc  |2 rdacarrier 
500 |a Obsahuje biografické údaje o autorovi 
650 0 7 |a seniori  |2 SNKPH  |9 117453 
650 0 7 |a Older people  |2 SNKPHeng  |9 275779 
650 0 7 |a osobná bezpečnosť  |2 SNKPH  |9 4159 
650 0 7 |a Personal safety  |2 SNKPHeng  |9 275534 
650 0 7 |a prevencia kriminality  |2 SNKPH  |9 2696 
650 0 7 |a Crime prevention  |2 SNKPHeng  |9 317084 
650 0 7 |a podvody  |2 SNKPH  |9 28896 
650 0 7 |a Impostures  |2 SNKPHeng  |9 333349 
655 7 |a príručky  |2 SNKPH  |9 74364 
655 7 |a Handbooks, manuals, etc.  |2 SNKPHeng  |9 90964 
852 |a Štátna vedecká knižnica v Banskej Bystrici 
919 |a 978-80-972817-2-4 
999 |c 600784  |d 602714 
952 |a SNK  |b SNK  |y PREZ  |7 0  |p 17A1332179  |o snkSC 179919  |i snk2018/12801  |8 0  |0 0  |1 0  |4 0  |d 2018-06-13  |f 1  |l 0  |r 2026-02-23 15:53:18  |w 2026-02-23